000 00786nam a2200217Ii 4500
003 JO-AjNU
008 230605s9999||||xx |||||||||||||| ||und||
017 _a2022/4/1851
020 _a978-9923-35-128-4
040 _aJO-AjNU
_bara
_erda
_cJO-AjNU
041 _aara
050 1 4 _aQA76.9.2022
100 3 _aاللصاصمة، محمد حرب,
_eauthor
_963428
245 0 0 _aتقنيات الامن السيبراني التعليمية وتطبيقاتها العملية
250 _aط1
300 _a206ص
336 _atext
_btxt
_2rdacontent
337 _aunmediated
_bn
_2rdamedia
338 _avolume
_bnc
_2rdacarrier
650 4 _aامن المعلومات-الجرائم الحاسوبية-الثورة التكنولوجية-السياسة التكنولوجية
_963429
999 _aA28771
_c32339
_d32339